El Sagrado Corazón de Jesús predicado por los oradores más célebres de la cristiandad

Detalles Bibliográficos
Otros Autores: Monsabré, Jacques Marie Louis, O. P., 1827-1907, Déodat de Basly, Joseph-Léon-Victor Marie, 1862-1937, Lacordaire, Jean-Baptiste Henri-Dominique, O. P., 1802-1861, Ventura de Ráulica, Gioacchino, C. R., 1792-1861, Bougaud, Louis Émile, ob. de Laval, 1823-1888, Sanz y Forés, Benito, arz. de Sevilla, 1828-1895
Formato: Libro
Lenguaje:Spanish
Publicado: Madrid : imprenta del Ministerio de Marina, 1908.
Serie editorial:Antología de oratoria sagrada
Materias:
Colección:Banco de datos
Acervo:Seminario Conciliar de Nuestra Señora de Guadalupe Querétaro. Qro.. Biblioteca Florencio Rosas. Fondo Histórico
Descripción Física:XXII, 368 p., [4] h. ; 20 cm.
Tema general:Oratoria sagrada
Caussette, Jean-Baptiste, 1819-1880
Notas:Texto con signaturas. Encuadernación valenciana (8798-8799). Encuadernación editorial en tela (8800). Ex libris en estampa en la portada de la Agencia Eclesiástica Mexicana (8800). Daños de hongo (8800). Daños de humedad (8800)
LEADER 01359nam a22002650004500
035 |a 3685 
041 0 |a spa 
245 1 0 |a El Sagrado Corazón de Jesús predicado por los oradores más célebres de la cristiandad 
260 |a Madrid : imprenta del Ministerio de Marina, 1908. 
300 |a XXII, 368 p., [4] h. ; 20 cm.  
440 0 |a Antología de oratoria sagrada  
500 |a Texto con signaturas. Encuadernación valenciana (8798-8799). Encuadernación editorial en tela (8800). Ex libris en estampa en la portada de la Agencia Eclesiástica Mexicana (8800). Daños de hongo (8800). Daños de humedad (8800) 
504 |a Incluye índice de contenido 
650 1 0 |a Oratoria sagrada 
650 1 0 |a Caussette, Jean-Baptiste, 1819-1880 
700 1 |a Monsabré, Jacques Marie Louis, O. P., 1827-1907 
700 1 |a Déodat de Basly, Joseph-Léon-Victor Marie, 1862-1937 
700 1 |a Lacordaire, Jean-Baptiste Henri-Dominique, O. P., 1802-1861 
700 1 |a Ventura de Ráulica, Gioacchino, C. R., 1792-1861 
700 1 |a Bougaud, Louis Émile, ob. de Laval, 1823-1888 
700 1 |a Sanz y Forés, Benito, arz. de Sevilla, 1828-1895 
949 |a Fondo Histórico: 8798, 8799, 8800 
942 |c Q.R.H.T 
943 |g Seminario Conciliar de Nuestra Señora de Guadalupe Querétaro. Qro.. Biblioteca Florencio Rosas. Fondo Histórico 
999 |c 1085140  |d 1085140